A cost review of the code for sustainable homes (Record no. 106831)
[ view plain ]
| 000 -LEADER | |
|---|---|
| fixed length control field | 01786cam a22002655a 4500 |
| 001 - CONTROL NUMBER | |
| control field | L137576 |
| 008 - FIXED-LENGTH DATA ELEMENTS--GENERAL INFORMATION | |
| fixed length control field | 070417s2007 xxk f 000 0 eng d |
| 035 ## - SYSTEM CONTROL NUMBER | |
| System control number | (Sirsi) u137576 |
| 041 0# - LANGUAGE CODE | |
| Language code of text/sound track or separate title | eng |
| 050 04 - LIBRARY OF CONGRESS CALL NUMBER | |
| Classification number | 696.9 $2 18 |
| 110 2# - MAIN ENTRY--CORPORATE NAME | |
| Corporate name or jurisdiction name as entry element | Housing Corporation |
| 245 02 - TITLE STATEMENT | |
| Title | A cost review of the code for sustainable homes |
| Remainder of title | report for English Partnerships and the Housing Corporation |
| Medium | [electronic resource] |
| 260 ## - PUBLICATION, DISTRIBUTION, ETC. | |
| Place of publication, distribution, etc. | [S.l.] |
| Name of publisher, distributor, etc. | Housing Corporation |
| Place of publication, distribution, etc. | [S.l.] |
| Name of publisher, distributor, etc. | English Partnerships |
| Date of publication, distribution, etc. | 2007 |
| 505 2# - FORMATTED CONTENTS NOTE | |
| Formatted contents note | Executive summary -- Introduction -- Method -- Meeting energy/carbon standards -- Meeting water standards -- Other environmental standards in the code -- Overall costs of code compliance -- Comparisons of the code and EcoHomes 2006 -- Implications of other policy/planning requirements -- Potential for cost reductions -- Summary and conclusions -- Appendices |
| 520 ## - SUMMARY, ETC. | |
| Summary, etc. | Explains how the "Code for sustainable homes" (L135998) works, the main differences between BRE EcoHomes 2006 and the code, and demonstrates the technical and cost implications of adopting the code at different levels. Reveals that the average additional cost of achieving level three of the code will be about 3% more than the EcoHomes very good standard. In addition, the code would be most costly to achieve in traditionally built detached and terraced houses. |
| 590 ## - LOCAL NOTE (RLIN) | |
| Local note | KA NTK |
| 650 24 - SUBJECT ADDED ENTRY--TOPICAL TERM | |
| Topical term or geographic name entry element | DCLG CODE FOR SUSTAINABLE HOMES |
| 650 24 - SUBJECT ADDED ENTRY--TOPICAL TERM | |
| Topical term or geographic name entry element | BRE ECOHOMES 2006 |
| 651 #4 - SUBJECT ADDED ENTRY--GEOGRAPHIC NAME | |
| Geographic name | England and Wales |
| Chronological subdivision | 1543- |
| 690 ## - LOCAL SUBJECT ADDED ENTRY--TOPICAL TERM (OCLC, RLIN) | |
| Topical term or geographic name as entry element | BUILT ENVIRONMENT-BUILDING STANDARDS |
| 710 2# - ADDED ENTRY--CORPORATE NAME | |
| Corporate name or jurisdiction name as entry element | English Partnerships |
| 9 (RLIN) | 1764 |
| 710 2# - ADDED ENTRY--CORPORATE NAME | |
| Corporate name or jurisdiction name as entry element | Cyril Sweett |
| 9 (RLIN) | 5158 |
| 856 40 - ELECTRONIC LOCATION AND ACCESS | |
| Uniform Resource Identifier | <a href="https://www.englishpartnerships.co.uk/publications.htm#sustainablehomes">https://www.englishpartnerships.co.uk/publications.htm#sustainablehomes</a> |
| Public note | View the cost review free of charge at www.englishpartnerships.co.uk... |
| 942 ## - ADDED ENTRY ELEMENTS (KOHA) | |
| Suppress in OPAC | 0 |
| Withdrawn status | Lost status | Source of classification or shelving scheme | Damaged status | Not for loan | Home library | Current library | Shelving location | Date acquired | Total Checkouts | Full call number | Barcode | Date last seen | Copy number | Price effective from | Koha item type |
|---|---|---|---|---|---|---|---|---|---|---|---|---|---|---|---|
| Dewey Decimal Classification | Virtual | Virtual | Online | 17/04/2007 | ONLINE PUBLICATION | 137576-2001 | 06/08/2019 | 1 | 06/08/2019 | Book |